000 00861nam a2200193Ii 4500
003 JO-AjNU
008 230605s9999||||xx |||||||||||||| ||und||
040 _aJO-AjNU
_bara
_erda
_cJO-AjNU
041 _aara
050 1 4 _aBP154
100 3 _aالليبي، أبي القاسم بن محمد التواتي ؛ شرح: عبد الله العلوي الشنقيطي,
_eauthor
_915382
245 0 0 _aمرجع المشكلات في الإعتقادات والعبادات والمعاملات والجنايات على مذهب الإمام مالك رضي الله عنه
264 3 1 _aطرابلس-ليبيا: مكتبة النجاح، د.ت
300 _a180ص
336 _atext
_btxt
_2rdacontent
337 _aunmediated
_bn
_2rdamedia
338 _avolume
_bnc
_2rdacarrier
650 4 _aالفقه المالكي- الفقه الاسلامي- مذاهب
_915383
999 _aA4331
_c7899
_d7899